Statistics for Famous People Named Kevin

Click here to take the quiz!

General Stats

  • This quiz has been taken 191 times
    (97 since last reset)
  • The average score is 7 of 18

Answer Stats

LifeHintPerson% Correct
1959–Won Oscars for The Usual Suspects and American BeautyKevin Spacey
78%
1958–You are within six degrees of separation of this Footloose actorKevin Bacon
77%
1955–Acted in Field of Dreams and won two Oscars for Dances with WolvesKevin Costner
76%
1947–Won the Best Supporting Actor Oscar for A Fish Called WandaKevin Kline
64%
1979–Comedian of many films like Jumanji: Welcome to the Jungle and its sequelKevin Hart
56%
1978–Backup dancer who married Britney SpearsKevin Federline
50%
1965–Star of King of Queens and Paul Blart: Mall CopKevin James
47%
1988–Often called the best player in the NBA and one of the greatest of all timeKevin Durant
40%
1970–Jay and Silent Bob director and actorKevin Smith
37%
FictionalHe was left home alone by his incompetent parentsKevin McCallister
31%
1953–New anchor of SNL's Weekend Update (1991-1994) and an actor in WeedsKevin Nealon
24%
1973–President of Marvel Studios and producer of the MCUKevin Feige
21%
1976–Former NBA player of 21 seasons nicknamed "The Big Ticket"Kevin Garnett
21%
1957–Was Australia's 26th prime minister (2007-2010 and again in 2013)Kevin Rudd
15%
1954–Canadian businessman famous for Shark TankKevin O'Leary
14%
1957–Actor in over 80 films, including The Usual Suspects and A Few Good MenKevin Pollak
14%
FictionalMain character of the TV series The Wonder YearsKevin Arnold
12%
1971–The tallest of the Backstreet BoysKevin Richardson
12%

Score Distribution

Percentile by Number Answered

Percent of People with Each Score

Your Score History

You have not taken this quiz since the last reset